[Event "Calle Region-ch U1700"]
[Site "Calle"]
[Date "2020.02.22"]
[Round "2.5"]
[White "Narvaez Guerra, Manuel Jose"]
[Black "Jaimes Franco, Francisco Javier"]
[Result "1-0"]
[WhiteElo "1632"]
[BlackElo "1385"]
[PlyCount "33"]
[EventDate "2020.02.21"]
[EventType "swiss"]
[EventRounds "6"]
[EventCountry "COL"]
[SourceTitle "EXT 2024"]
[Source "ChessBase"]
[SourceDate "2023.10.10"]
[SourceVersion "1"]
[SourceVersionDate "2023.10.10"]
[SourceQuality "1"]

1. e4 e5 2. Nf3 Nc6 3. Bc4 d6 4. Nc3 Be6 5. Bxe6 fxe6 6. 0-0 Qe7 7. d4 0-0-0 8. d5 Nd4 9. Nxd4 exd4 10. Qxd4 Kb8 11. Be3 b6 12. a4 e5 13. Qc4 Nf6 14. a5 Ng4 15. axb6 Nxe3 16. bxa7+ Ka8 17. Qc6# 1-0

[Event "Calle Region-ch U1700"]
[Site "Calle"]
[Date "2020.02.21"]
[Round "1.4"]
[White "Velandia Perez, Hannah Isabella"]
[Black "Narvaez Guerra, Manuel Jose"]
[Result "0-1"]
[WhiteElo "1112"]
[BlackElo "1632"]
[PlyCount "34"]
[EventDate "2020.02.21"]
[EventType "swiss"]
[EventRounds "6"]
[EventCountry "COL"]
[SourceTitle "EXT 2024"]
[Source "ChessBase"]
[SourceDate "2023.10.10"]
[SourceVersion "1"]
[SourceVersionDate "2023.10.10"]
[SourceQuality "1"]

1. e4 c5 2. Nc3 d6 3. Nf3 Nc6 4. Bc4 e6 5. d3 Nf6 6. 0-0 Be7 7. h3 h6 8. Bf4 0-0 9. a3 a6 10. Qd2 b5 11. Bb3 Re8 12. e5 dxe5 13. Nxe5 Nxe5 14. Bxe5 Bd6 15. Bf4 Bb7 16. Ne4 Nxe4 17. dxe4 Bxe4 0-1

[Event "Bogota Bonita op"]
[Site "Bogota"]
[Date "2019.09.29"]
[Round "7"]
[White "Narvaez Guerra, Manuel Jose"]
[Black "Leal Ortega, Jose del Carmen"]
[Result "1-0"]
[WhiteElo "1624"]
[BlackElo "1600"]
[PlyCount "139"]
[EventDate "2019.09.26"]
[EventType "swiss"]
[EventRounds "7"]
[EventCountry "COL"]
[SourceTitle "EXT 2020"]
[Source "ChessBase"]
[SourceDate "2019.10.17"]
[SourceVersion "1"]
[SourceVersionDate "2019.10.17"]
[SourceQuality "1"]

1. e4 c5 2. Nf3 g6 3. d4 cxd4 4. Nxd4 Bg7 5. Nc3 Nc6 6. Be3 Nf6 7. Be2 d6 8. 0-0 0-0 9. h3 Bd7 10. Qd2 Rc8 11. Rad1 a6 12. f4 Qc7 13. f5 Ne5 14. Rf2 Nc4 15. Bxc4 Qxc4 16. a3 b5 17. Qd3 b4 18. axb4 Qxb4 19. Nb3 Qc4 20. Qxc4 Rxc4 21. Rd4 Rfc8 22. fxg6 hxg6 23. Rxc4 Rxc4 24. Nd2 Rc8 25. Bg5 Ne8 26. Nd5 Bd4 27. Nxe7+ Kg7 28. Nxc8 Bxf2+ 29. Kxf2 Bxc8 30. Nc4 f6 31. Bf4 Bb7 32. Ke3 d5 33. Nd2 dxe4 34. Nxe4 Bxe4 35. Kxe4 Kf7 36. c4 Ke6 37. g4 f5+ 38. gxf5+ gxf5+ 39. Kd4 Nf6 40. b4 Nd7 41. h4 Nf6 42. Be5 Nd7 43. Bf4 Nf6 44. b5 axb5 45. cxb5 Nd5 46. Bd2 Nf6 47. b6 Kd6 48. Kc4 Kc6 49. Be3 Nd5 50. Kd3 f4 51. Bf2 Nf6 52. Ke2 Nh5 53. Kf3 Kd7 54. Kg4 Nf6+ 55. Kxf4 Kc8 56. Kf5 Nh5 57. Kg5 Ng7 58. h5 Ne6+ 59. Kf6 Nf4 60. h6 Nd5+ 61. Kg7 Ne7 62. h7 Nf5+ 63. Kf6 Nd6 64. h8Q+ Kb7 65. Qg7+ Kc6 66. Qc7+ Kd5 67. Qc5+ Ke4 68. Qxd6 Kf3 69. b7 Kxf2 70. Qd3 1-0